00562nam a2200205Ia 4500003000400000005001700004008004100021020002200062040000700084041000800091082001300099100001900112245010800131260004500239300001200284365001300296440000600309650002000315650002100335OSt20230516103949.0210423s2014 xx 000 0 und d a978-0-19-563721-2 cAL aeng a954 SUBA aGUHA (Ranajit) aSubaltern studies Vol 8: writing on South Asian history and societycARNOLD (David);HARDIMAN (David) Ed aNew DelhibOxford University Pressc2014 a240bPB b295cINR v8 aHistory of Asia aHistory of India